Flags of the Southernmost Countries of Europe - Statistics

General Stats
  • This quiz has been taken 265 times
    188 since last reset
  • The average score is 9 of 10
Answer Stats
Picture Answer % Correct
Greece
100%
Italy
99%
Spain
98%
Portugal
97%
Albania
96%
France
96%
Russia
95%
North Macedonia
92%
Bulgaria
86%
Malta
86%
No matching quizzes found
Score Distribution
Percent of People with Each Score
Percentile by Number Answered
Your Score History
You have not taken this quiz since the last reset